A history of the modern Middle East / (Record no. 16534)
[ view plain ]
| 000 -LEADER | |
|---|---|
| fixed length control field | 03018cam a2200361 i 4500 |
| 001 - CONTROL NUMBER | |
| control field | 15421686 |
| 003 - CONTROL NUMBER IDENTIFIER | |
| control field | EG-ScBUE |
| 005 - DATE AND TIME OF LATEST TRANSACTION | |
| control field | 20240522083515.0 |
| 008 - FIXED-LENGTH DATA ELEMENTS--GENERAL INFORMATION | |
| fixed length control field | 080821t2009 couab f b 001 0 eng d |
| 020 ## - INTERNATIONAL STANDARD BOOK NUMBER | |
| International Standard Book Number | 9780813343747 (alk. paper) |
| 020 ## - INTERNATIONAL STANDARD BOOK NUMBER | |
| International Standard Book Number | 0813343747 (alk. paper) |
| 035 ## - SYSTEM CONTROL NUMBER | |
| System control number | (OCoLC)ocn191926614 |
| 040 ## - CATALOGING SOURCE | |
| Original cataloging agency | DLC |
| Language of cataloging | eng |
| Description conventions | rda |
| Transcribing agency | DLC |
| Modifying agency | YDX |
| -- | BTCTA |
| -- | BAKER |
| -- | YDXCP |
| -- | CDX |
| -- | TSU |
| -- | BWX |
| -- | IK2 |
| -- | VP@ |
| -- | KAAUA |
| -- | DLC |
| -- | EG-ScBUE |
| 043 ## - GEOGRAPHIC AREA CODE | |
| Geographic area code | aw----- |
| 082 04 - DEWEY DECIMAL CLASSIFICATION NUMBER | |
| Classification number | 956 |
| Edition number | 22 |
| Item number | CLE |
| 100 1# - MAIN ENTRY--PERSONAL NAME | |
| 9 (RLIN) | 29167 |
| Personal name | Cleveland, William L., |
| Relator term | author. |
| 245 12 - TITLE STATEMENT | |
| Title | A history of the modern Middle East / |
| Statement of responsibility, etc | William L. Cleveland, Late of Simon Fraser University, Martin Bunton, University of Victoria. |
| 250 ## - EDITION STATEMENT | |
| Edition statement | Fourth edition. |
| 264 #1 - PUBLICATION, DISTRIBUTION, ETC. (IMPRINT) | |
| Place of publication, distribution, etc | Boulder, CO : |
| Name of publisher, distributor, etc | Westview Press, |
| Date of publication, distribution, etc | [2009] |
| 264 #4 - PUBLICATION, DISTRIBUTION, ETC. (IMPRINT) | |
| Date of publication, distribution, etc | c2009 |
| 300 ## - PHYSICAL DESCRIPTION | |
| Extent | xxi, 619 pages : |
| Other physical details | illustrations, maps ; |
| Dimensions | 23 cm |
| 336 ## - CONTENT TYPE | |
| Source | rdacontent |
| Content type term | text |
| Content type code | txt |
| 337 ## - MEDIA TYPE | |
| Media type term | unmediated |
| Source | rdamedia |
| Media type code | n |
| 338 ## - CARRIER TYPE | |
| Carrier type term | volume |
| Carrier type code | nc |
| Source | rdacarrier |
| 504 ## - BIBLIOGRAPHY, ETC. NOTE | |
| Bibliography, etc | Includes bibliographical references and index. |
| 505 0# - FORMATTED CONTENTS NOTE | |
| Formatted contents note | The rise and expansion of Islam -- The development of Islamic civilization to the fifteenth century -- The Ottoman and Safavid Empires : a new imperial synthesis -- Forging a new synthesis : the pattern of reforms, 1789-1849 -- The Ottoman Empire and Egypt during the era of the tanzimat -- Egypt and Iran in the late nineteenth century -- The response of Islamic society -- The era of the young Turks and the Iranian constitutionalists -- World war I and the end of the Ottoman order -- Authoritarian reform in Turkey and Iran -- The Arab struggle for independence : Egypt, Iraq, and Transjordan from the interwar era to 1945 -- The Arab struggle for independence : Syria, Lebanon, and Saudi Arabia from the interwar era to 1945 -- The Palestine mandate and the birth of the state of Israel -- Democracy and authoritarianism : Turkey and Iran -- The Middle East in the age of Nasser : the Egyptian base -- The Middle East in the age of Nasser : the radicalization of Arab politics -- Israel and the Palestinians from 1948 to the 1970s -- Changing patterns of war and peace : Egypt and Lebanon in the 1970s and 1980s -- The consolidation of authoritarian rule in Syria and Iraq : the regimes of Hafiz al-Asad and Saddam Husayn -- The Iranian revolution and the resurgence of Islam -- The Arabian Peninsula in the petroleum era -- Challenges to the existing order : the Palestinian uprising and the 1991 Gulf War -- A peace so near, a peace so far : Israeli-Palestinian relations since the Gulf War -- Patterns of continuity and change since the 1991 Gulf War -- America's troubled moment in the Middle East. |
| 651 #7 - SUBJECT ADDED ENTRY--GEOGRAPHIC NAME | |
| Geographic name | Middle East |
| General subdivision | History |
| Chronological subdivision | 1517- |
| Source of heading or term | BUEsh |
| 9 (RLIN) | 29168 |
| 653 ## - INDEX TERM--UNCONTROLLED | |
| Arrived date list | March2012 |
| 655 ## - INDEX TERM--GENRE/FORM | |
| Form subdivision | Reading book |
| 700 1# - ADDED ENTRY--PERSONAL NAME | |
| Personal name | Bunton, Martin P., |
| Relator term | author. |
| 9 (RLIN) | 29169 |
| 942 ## - ADDED ENTRY ELEMENTS (KOHA) | |
| Source of classification or shelving scheme | Dewey Decimal Classification |
| Koha item type | Book - Borrowing |
| Withdrawn status | Lost status | Source of classification or shelving scheme | Damaged status | Not for loan | Collection code | Home library | Current library | Shelving location | Date acquired | Source of acquisition | Total Checkouts | Full call number | Barcode | Date last seen | Price effective from | Koha item type | Total Renewals | Date checked out |
|---|---|---|---|---|---|---|---|---|---|---|---|---|---|---|---|---|---|---|
| Dewey Decimal Classification | Baccah | Central Library | Central Library | Second Floor | 04/03/2012 | Purchase | 956 CLE | 000026270 | 15/07/2025 | 04/03/2012 | NB - Book (Non borrowing) | |||||||
| Dewey Decimal Classification | Baccah | Central Library | Central Library | Second Floor | 04/03/2012 | Purchase | 12 | 956 CLE | 000026271 | 15/07/2025 | 04/03/2012 | Book - Borrowing | 40 | 10/09/2023 | ||||
| Dewey Decimal Classification | Baccah | Central Library | Central Library | Second Floor | 04/03/2012 | Purchase | 15 | 956 CLE | 000026272 | 15/07/2025 | 04/03/2012 | Book - Borrowing | 71 | 18/11/2018 | ||||
| Dewey Decimal Classification | Baccah | Central Library | Central Library | Second Floor | 04/03/2012 | Purchase | 9 | 956 CLE | 000026273 | 15/07/2025 | 04/03/2012 | Book - Borrowing | 48 | 20/03/2018 |